000 00615nam a2200229Ia 4500
003 GCL
008 140319s9999 xx 000 0 ara d
040 _aGCL /
_cGCL
082 0 4 _a632
_bس ا
100 1 _aسمير مخائيل
245 1 0 _aامراض البذور /
_cسمير مخائيل
260 _a[S.N] :
_bمنشاة المعارف الاسلامية ،
_c1993
300 _a283 ص
490 _a
650 0 4 _aالعلم
650 0 4 _aالزراعة
650 0 4 _aالنبات
650 0 4 _aالبذور
650 0 4 _aالحفريات
650 0 4 _aاحياء دقيقة
942 _2ddc
_cBK
999 _c32969
_d32969